[Event "AUTO-INT-01"]
[Site "http://www.queenalice.com/game.php?id=7272"]
[Date "2005.3.18"]
[Round "1"]
[White "millie"]
[Black "palito"]
[Result "1-0"]
[WhiteElo "1259"]
[BlackElo "1379"]

1. d3 e5 2. e4 Bb4+ 3. c3 Bd6 4. b4 c5 5. b5 Qb6 6. Qb3 Nf6 7. f3 h5 8. h4 g6 9.
g3 Nc6 10. bxc6 bxc6 11. Bg5 1-0

[Event "AUTO-INT-01"]
[Site "http://www.queenalice.com/game.php?id=7273"]
[Date "2005.3.18"]
[Round "1"]
[White "palito"]
[Black "millie"]
[Result "0-1"]
[WhiteElo "1266"]
[BlackElo "1316"]

1. e4 e6 2. e5 Nc6 3. Nf3 h6 4. Nc3 a6 5. h3 g5 6. g4 b5 7. d4 Bb4 8. a3 Be7 9.
b4 a5 10. bxa5 Nxa5 11. Nxb5 c6 12. Nc3 Bf8 13. Ne4 Be7 14. Bd2 h5 15. gxh5 Nh6
16. Nexg5 Nf5 17. h6 Rxh6 18. h4 Qb6 0-1

[Event "Let's Play Chess!"]
[Site "http://www.queenalice.com/game.php?id=8284"]
[Date "2005.3.30"]
[Round "-"]
[White "palito"]
[Black "feto"]
[Result "1-0"]
[WhiteElo "1245"]
[BlackElo "1568"]

1. e4 e5 2. Qh5 c6 3. Bc4 g6 4. Qxe5+ Ne7 5. Qxh8 d5 6. exd5 cxd5 7. Bb5+ Nec6
8. Bd3 b6 9. Qxh7 Ba6 10. Nf3 Bc5 11. h4 Qe7+ 12. Kd1 Nd7 13. Bxa6 Bxf2 14. Bb5
Nd4 15. Bd3 Rc8 16. c3 Nf8 17. Qh8 Nf5 18. Bxf5 gxf5 19. d4 b5 20. Bg5 Qd6 21.
Rf1 Qg3 22. Ne5 Rc7 23. Bh6 Ke7 24. Bxf8+ Ke8 25. Bd6+ Qg8 26. Qxg8# 1-0

[Event "Challenge"]
[Site "http://www.queenalice.com/game.php?id=8987"]
[Date "2005.4.5"]
[Round "-"]
[White "palito"]
[Black "tchello77"]
[Result "1-0"]
[WhiteElo "1330"]
[BlackElo "1126"]

1. e4 Nc6 2. Bc4 e6 3. d3 Nf6 4. g3 d6 5. h4 g6 6. Bg5 b6 7. Qf3 Bg7 8. e5 Nd4
9. Qxa8 Nxc2+ 10. Kd1 Nxa1 11. exf6 Bf8 12. Nf3 h6 13. Be3 e5 14. Nc3 g5 15. Kd2
g4 16. Nh2 h5 17. Rxa1 Rh6 18. Ne4 a5 19. f3 Kd7 20. Bb5+ Ke6 21. Ng5+ Kxf6 22.
Qd5 Ke7 23. Qxf7# 1-0

[Event "Challenge"]
[Site "http://www.queenalice.com/game.php?id=9002"]
[Date "2005.4.5"]
[Round "-"]
[White "victorhg"]
[Black "palito"]
[Result "0-1"]
[WhiteElo "1223"]
[BlackElo "1361"]

1. e4 e6 2. Nf3 h5 3. g3 g6 4. Nc3 a5 5. d4 b6 6. Qe2 Ba6 7. Qe3 Bh6 8. Ng5 f6
9. Qf3 Bxg5 10. h4 Bxc1 11. Rxc1 Nc6 12. Rd1 Nb4 13. Rd2 Qe7 14. a3 Nc6 15. d5
Ne5 16. Qf4 exd5 17. Nxd5 Qd6 18. Kd1 Ng4 19. Qf3 Qe5 20. Kc1 Bxf1 21. Rxf1 Nh2
22. Qg2 c6 23. f4 Qd6 24. Nc3 Qc5 25. Qxh2 Qc4 26. Rdd1 O-O-O 27. Qg1 c5 28. Nd5
Kb7 29. Rf3 Qxe4 30. Re3 Qa4 31. Nc3 Qc4 32. Re4 Qf7 33. Qf1 f5 34. Re5 d6 35.
Re3 Nf6 36. Qe2 Rhe8 37. Nb5 Ne4 38. Qd3 Qa2 39. c3 d5 40. Qb1 Qb3 41. Qd3 c4
42. Qd4 Qxb5 43. Qg7+ Qd7 44. Qxg6 Rg8 45. Qxh5 Rxg3 46. Re2 Rg4 47. Qh6 Qg7 48.
Qe6 Rxf4 49. h5 Qf6 50. Qxf6 Nxf6 51. Re7+ Ka6 52. h6 Rh8 53. Rh1 Re4 54. Rf7
Re6 55. h7 Ng4 56. Rxf5 Rh6 57. Rg1 Nf6 58. Rxf6 Rxf6 59. Rg8 Rxh7 60. Ra8+ Kb7
61. Re8 Rf1+ 62. Kd2 Rh2+ 63. Re2 Rff2 64. Rxf2 Rxf2+ 65. Ke3 Rxb2 66. Kd4 b5
67. Kxd5 Kb6 68. Kd4 Rd2+ 0-1

[Event "Challenge"]
[Site "http://www.queenalice.com/game.php?id=9295"]
[Date "2005.4.9"]
[Round "-"]
[White "luciano"]
[Black "palito"]
[Result "1-0"]
[WhiteElo "1778"]
[BlackElo "1390"]

1. e4 e5 2. Nf3 Bc5 3. Nxe5 Qh4 4. Qe2 Nf6 5. g3 Qg5 6. f4 Qg4 7. Nxg4 b6 8.
Nxf6+ gxf6 9. Qg4 h5 10. Qg7 Rf8 11. Qxf6 Nc6 12. Qg5 Nd4 13. Kd1 Rh8 14. Bc4
Bb7 15. Qe5+ 1-0

[Event "Challenge"]
[Site "http://www.queenalice.com/game.php?id=9496"]
[Date "2005.4.12"]
[Round "-"]
[White "palito"]
[Black "oldwave"]
[Result "0-1"]
[WhiteElo "1361"]
[BlackElo "1500"]

1. e4 e6 2. e5 d5 3. d4 c5 4. c3 Qb6 5. Qa4+ Bd7 6. Qd1 Nc6 7. dxc5 Bxc5 8. Nh3
Nxe5 9. Be2 Nf6 10. O-O h6 11. Nd2 g5 12. Nf3 Nxf3+ 13. Bxf3 Rg8 14. Be2 e5 15.
a3 g4 16. Nf4 exf4 17. Kh1 Ne4 18. Qe1 Bxf2 19. Rxf2 Nxf2+ 20. Kg1 Nd3+ 21. Kf1
Nxe1 0-1

[Event "Let's Play Chess!"]
[Site "http://www.queenalice.com/game.php?id=9857"]
[Date "2005.4.15"]
[Round "-"]
[White "antonio"]
[Black "palito"]
[Result "1-0"]
[WhiteElo "1261"]
[BlackElo "1337"]

1. Nh3 e5 2. e4 g6 3. d3 Bh6 4. Bxh6 Nxh6 5. Na3 d6 6. Qd2 Qh4 7. g3 Qe7 8. Qxh6
b6 9. Qg7 Qf8 10. Qf6 Nd7 11. Qg5 h6 12. Qg4 h5 13. Qe2 Nc5 14. Nb5 1-0

[Event "Let's Play Chess!"]
[Site "http://www.queenalice.com/game.php?id=9904"]
[Date "2005.4.15"]
[Round "-"]
[White "Ziller"]
[Black "palito"]
[Result "0-1"]
[WhiteElo "1449"]
[BlackElo "1371"]

1. e4 e5 2. Bc4 c6 3. Qf3 Nh6 4. d3 Qe7 5. Bxh6 gxh6 6. Bxf7+ Qxf7 7. Nd2 Na6 8.
Nc4 Qe7 9. O-O-O Rg8 10. Qh5+ Qf7 11. Qxe5+ Qe7 12. Nd6+ Kd8 13. Nc4 b5 14.
Qxe7+ Bxe7 15. Ne5 Bf8 16. Nf7+ Ke8 17. Ne5 Rg5 18. Ngf3 Rxg2 19. Rdf1 Bg7 20.
d4 Nb4 21. Kb1 a5 22. Nd3 Nxd3 23. cxd3 Bb7 24. Ne1 Rg5 25. h4 Rg4 26. Rfg1 Rg6
27. h5 Rg5 28. f4 Rxg1 29. Rxg1 Bxd4 30. Rf1 Ke7 31. Nc2 Bf6 32. e5 Bh4 33. Rg1
Kf7 34. Nd4 Bf2 35. Ne2 Rg8 36. Rf1 Rg2 37. a3 Be3 38. Re1 Bd2 39. Rg1 Rxe2 40.
f5 Rxe5 41. Rf1 Kf6 42. Kc2 Bg5 43. d4 Rxf5 44. Rd1 Bh4 45. Rf1 Rxf1 0-1

[Event "Vai encarar?"]
[Site "http://www.queenalice.com/game.php?id=10518"]
[Date "2005.4.22"]
[Round "-"]
[White "renatominicucci"]
[Black "palito"]
[Result "1-0"]
[WhiteElo "1508"]
[BlackElo "1386"]

1. e4 e6 2. e5 Nc6 3. d4 d5 4. exd6 Qxd6 5. c3 a5 6. g3 e5 7. Bb5 exd4 8. Bf4
Qc5 9. Bxc6+ Qxc6 10. Nf3 Bg4 11. Nbd2 Rd8 12. O-O dxc3 13. Re1+ Be7 14. bxc3
Qxc3 15. Rc1 Qa3 16. Re3 Qxa2 17. Ra1 Qd5 18. Qa4+ Rd7 19. Ne5 Qxd2 20. Rd3 Qb4
21. Qxb4 axb4 22. Nxd7 Bxd7 23. Rad1 Nf6 24. Bxc7 h6 25. Re1 Be6 26. Ra1 O-O 27.
h4 Rc8 28. Be5 b3 29. Kg2 b2 30. Bxb2 Bd5+ 31. Kh3 Bc4 32. Re3 Nd5 33. Re5 Bd6
34. Rf5 Bc5 35. f3 Ne3 36. Re5 f6 37. Re4 1-0

[Event "AUTO-INT-08"]
[Site "http://www.queenalice.com/game.php?id=10973"]
[Date "2005.4.25"]
[Round "1"]
[White "palito"]
[Black "Checker"]
[Result "0-1"]
[WhiteElo "1355"]
[BlackElo "1313"]

1. e4 Nf6 2. f3 e5 3. c3 d5 4. d4 exd4 5. Qxd4 Nc6 6. Qd1 dxe4 7. Qe2 Bf5 8. g4
Be6 9. fxe4 Bd6 10. Na3 h5 11. g5 Ng4 12. h4 Bg3+ 13. Qf2 Nxf2 14. Ke2 Nxh1 15.
Bg2 Bg4+ 16. Bf3 Bxf3+ 0-1

[Event "AUTO-INT-08"]
[Site "http://www.queenalice.com/game.php?id=10974"]
[Date "2005.4.25"]
[Round "1"]
[White "Checker"]
[Black "palito"]
[Result "1-0"]
[WhiteElo "1282"]
[BlackElo "1375"]

1. e4 Nc6 2. Nc3 e6 3. d3 g6 4. Nf3 h5 5. Be3 a5 6. d4 Bb4 7. a3 Bxc3+ 8. bxc3
d6 9. d5 Ne5 10. dxe6 Bxe6 11. h4 Nxf3+ 12. gxf3 b6 13. Bb5+ Bd7 14. Bxd7+ Qxd7
15. c4 c5 16. Rb1 Nf6 17. Rxb6 1-0

[Event "AUTO-INT-08"]
[Site "http://www.queenalice.com/game.php?id=10975"]
[Date "2005.4.25"]
[Round "1"]
[White "palito"]
[Black "LOLIN"]
[Result "0-1"]
[WhiteElo "1390"]
[BlackElo "1100"]

1. e4 e5 2. Bc4 Nf6 3. Nf3 Nc6 4. Ng5 d5 5. Bxd5 Nxd5 6. exd5 Qxd5 7. f3 Be7 8.
Ne4 Bf5 9. Nec3 Qc5 10. d3 Qd4 11. Nb5 Qd7 12. Qe2 a6 13. N5c3 O-O 14. Qe3 Bf6
15. Rf1 Nd4 16. Na3 h6 17. f4 exf4 18. Qg1 Rae8+ 19. Kd2 Bg5 20. Kd1 Bg4+ 21.
Kd2 f3+ 22. Kd1 f2+ 23. Ne2 Bxe2# 0-1

[Event "AUTO-INT-08"]
[Site "http://www.queenalice.com/game.php?id=10976"]
[Date "2005.4.25"]
[Round "1"]
[White "LOLIN"]
[Black "palito"]
[Result "1-0"]
[WhiteElo "1505"]
[BlackElo "1390"]

1. e4 e5 2. Nf3 Nf6 3. Nc3 c6 4. Nxe5 d5 5. exd5 Nxd5 6. Nxd5 Qxd5 7. d4 Qe4+ 8.
Be3 Nd7 9. Nxd7 Bxd7 10. Qd2 O-O-O 11. O-O-O Qd5 12. b3 Ba3+ 13. Kb1 Rhe8 14.
Bc4 Qxg2 15. Rhg1 Qxh2 16. Qa5 Bf8 17. Qxa7 Bf5 18. Bd3 Rd5 19. Bxf5+ Rxf5 20.
Rge1 Qb8 21. Qxb8+ Kxb8 22. Bf4+ Ka7 23. Rxe8 Rxf4 24. Rxf8 Rxf2 25. Rg1 g6 26.
Rg8 f5 27. Rh8 Rh2 28. Re1 f4 29. Rf1 g5 30. Rf3 h6 31. Rg8 Rg2 32. Rg6 h5 33.
c4 h4 34. d5 cxd5 35. cxd5 g4 36. Rxf4 Rg1+ 37. Kb2 1-0

[Event "AUTO-INT-08"]
[Site "http://www.queenalice.com/game.php?id=10977"]
[Date "2005.4.25"]
[Round "1"]
[White "palito"]
[Black "barraw"]
[Result "0-1"]
[WhiteElo "1386"]
[BlackElo "1371"]

1. e4 e5 2. Bc4 Nf6 3. d3 Bc5 4. Bg5 Qe7 5. Qf3 Qd6 6. Na3 Bb4+ 7. Bd2 Nc6 8.
Nb5 Bxd2+ 9. Kxd2 Qb4+ 10. Kd1 O-O 11. c3 Qxb2 12. Rc1 d6 0-1

[Event "AUTO-INT-08"]
[Site "http://www.queenalice.com/game.php?id=10978"]
[Date "2005.4.25"]
[Round "1"]
[White "barraw"]
[Black "palito"]
[Result "1-0"]
[WhiteElo "1399"]
[BlackElo "1386"]

1. e4 e5 2. Qf3 Nh6 3. d4 exd4 4. Bc4 Qe7 5. Nh3 f6 6. O-O Nc6 7. Bxh6 gxh6 8.
Qh5+ Kd8 9. Nd2 Ne5 10. Bb5 c6 11. Be2 d6 12. Nf4 Rg8 13. Nb3 1-0

[Event "Challenge I"]
[Site "http://www.queenalice.com/game.php?id=11093"]
[Date "2005.4.26"]
[Round "-"]
[White "Adriano_Pereira"]
[Black "palito"]
[Result "1-0"]
[WhiteElo "1323"]
[BlackElo "1405"]

1. e4 e5 2. Qh5 d6 3. Bc4 Be6 4. Bxe6 Nh6 5. Bb3 b6 6. d4 Qe7 7. Bg5 Qd7 8. dxe5
dxe5 9. Nc3 Nc6 10. Ba4 Be7 11. Rd1 Qe6 12. Bb3 Qg6 13. Qxg6 hxg6 14. Bxe7 Nxe7
15. Nb5 O-O 16. Rd7 Nc8 17. Bd5 Rb8 18. Rxc7 a6 19. Na7 Nd6 20. Nc6 Rbe8 21. Nf3
Ng4 22. Nfxe5 Nxe5 23. f4 Nb5 24. Rb7 Nd6 25. Rxb6 Nd7 26. Rxa6 Nxe4 27. Ra4
Nec5+ 28. Kd1 Nxa4 29. b3 Nab6 30. Bf3 Re6 31. Nd4 Rd8 32. a4 Nc5 33. c3 Nxb3
34. a5 Na4 35. Kc2 Nxa5 36. Ra1 Nc4 37. Rxa4 Nb6 38. Ra6 Red6 39. Nc6 Rd2+ 40.
Kb3 R8d5 41. Rxb6 Rc5 42. Kb4 Rf5 43. Ne7+ Kh7 44. Nxf5 gxf5 45. c4 1-0

[Event "Let's Play Chess!"]
[Site "http://www.queenalice.com/game.php?id=11848"]
[Date "2005.5.2"]
[Round "-"]
[White "palito"]
[Black "nightsend"]
[Result "0-1"]
[WhiteElo "1390"]
[BlackElo "1860"]

1. e4 c5 2. Bc4 e6 3. Nc3 a6 4. b3 b5 5. Bf1 Nc6 6. d3 Nf6 7. f3 d5 8. exd5 exd5
9. Qe2+ Be7 10. Be3 d4 11. Ne4 Nxe4 12. fxe4 dxe3 13. Qxe3 Qd4 14. Qxd4 Nxd4 15.
O-O-O b4 16. Nf3 Bg4 17. h3 Bxf3 18. gxf3 Nxf3 19. Be2 Nd4 20. Bh5 g6 21. Bg4 h5
22. Be6 fxe6 0-1